000 00546nam a22001577a 4500
999 _c11975
_d11975
008 190114b ||||| |||| 00| 0 eng d
020 _a971-542-288-8
082 _22001
_aDFil 899.211
_bP53
245 _aTonio, the literal fool (Tagalog)/
_cDamiana L. Eugenio (Compiler and Editor)
260 _aQuezon City:
_bUniversity of the Philippines Press,
_c2001
300 _aPage 369-371;
_c23 cm.
500 _aPhilippine Folk Literature
650 _aFolklore
_934017
650 _aPhilippine folk literature--Collections
_934018
942 _2ddc
_cDFIL